METABOLIC SYNDROME AND HORMONES OF ADIPOSE TISSUE

Bibliographic Details
Main Authors: Očenášová, Amália (Author), Dulíková, Lívia (Author), Mokáň, Marián, 1957- (Author), Mráz, Miloš (Author), Galajda, Peter, 1960- (Author), Kružliak, Peter (Author)
Format: Article
Language:English

MARC

LEADER 00000nab a2200000uu 4500
001 vtls010903119
003 SK-MaSNL
005 20260303142400.0
008 230222|2008 xo |||||||||||||||||eng|
015 |a SNBRB 
035 |a (urnnbn)urn:nbn:sk:snk:ar-a07q38 
035 |a (uuid)e2c1241e-ffde-437d-848b-2b6da50dd786 
035 |a urn:nbn:sk:snk-ab8u85 
040 |a SNKBUCL  |b slo  |c SNKBUCL  |e AACR2 
041 0 |a eng 
044 |a xo  |c SK 
100 1 |a Očenášová, Amália  |4 aut  |9 1140628 
245 1 0 |a METABOLIC SYNDROME AND HORMONES OF ADIPOSE TISSUE  |c Amália Očenášová, Lívia Dulíková, Marián Mokáň, Miloš Mráz, Peter Galajda, Peter Kružliak 
700 1 |a Dulíková, Lívia  |4 aut  |9 22286 
700 1 |a Mokáň, Marián,  |d 1957-  |4 aut  |9 106742 
700 1 |a Mráz, Miloš  |4 aut  |9 556472 
700 1 |a Galajda, Peter,  |d 1960-  |4 aut  |9 195289 
700 1 |a Kružliak, Peter  |4 aut  |9 278069 
773 0 |t Acta medica Martiniana : journal for biomedical sciences, clinical medicine and nursing  |g Roč. 8, č. 1 (2008), s. 23-28 
958 |a OND 
958 |a EUIPO 
958 |a article10 
999 |c 1982505  |d 1984435